Medzinárodné účtovné štandardy pre verejný sektor - IPSAS

Saved in:
Bibliographic Details
Main Author: Kršeková, Marianna (Author)
Format: Book
Language:Slovak
Published: Bratislava : Iura Edition, 2011
Subjects:
Online Access:OBSAH
Tags: Add Tag
No Tags, Be the first to tag this record!

MARC

LEADER 00000nam a22000003a 4500
001 stu231521
005 20150617230133.2
008 110713s2011----xo------------------slo-d
020 |a 978-80-8078-390-7 
040 |a STU  |b slo 
041 0 |a slo 
044 |a xo 
080 |a 657 
100 1 |a Kršeková, Marianna  |4 aut 
245 1 |a Medzinárodné účtovné štandardy pre verejný sektor - IPSAS 
260 |a Bratislava :  |b Iura Edition,  |c 2011 
300 |a 168 s 
650 7 |a účtovníctvo  |2 stusub 
856 4 |a https://sweb.mtf.stuba.sk/obsahy/medzinarodne_uctovne_standardy_11  |u https://sweb.mtf.stuba.sk/obsahy/medzinarodne_uctovne_standardy_11  |3 OBSAH 
996 |b 284M079987  |c M*12996-1  |l MMKN  |s A  |a 24  |w stu231521_0001 
996 |b 284M079988  |c M*12996-2  |l MMKN  |s A  |a 24  |w stu231521_0002